书目信息 |
| 题名: |
中南地区遥感地质及矿产资源潜力评价应用
|
|
| 作者: | 崔放 , 王耿明 , 王宁涛 , 雷天赐 , 陈爱明 , 陈晓林 , 易波琳 , 李文胜 , 刘鹏飞 , 陈育文 编著 | |
| 分册: | ||
| 出版信息: | 武汉 湖北人民出版社 2018 |
|
| 页数: | 193页 | |
| 开本: | 31cm | |
| 丛书名: | “中南地区矿产资源潜力评价”项目系列丛书 | |
| 单 册: | ||
| 中图分类: | TD98 | |
| 科图分类: | ||
| 主题词: | 遥感地质--yao gan di zhi--应用--矿产资源--评价--研究--中南地区 | |
| 电子资源: | ||
| ISBN: | 978-7-216-09548-8 | |
| 000 | 01572nam0 2200397 450 | |
| 001 | 012001001785 | |
| 005 | 20140109085611.0 | |
| 010 | @a978-7-216-09548-8@b精装@dCNY68.00 | |
| 099 | @aCAL 012019076915 | |
| 100 | @a20190614d2018 em y0chiy50 ea | |
| 101 | 0 | @achi |
| 102 | @aCN@b420000 | |
| 105 | @aak a 000yy | |
| 106 | @ar | |
| 200 | 1 | @a中南地区遥感地质及矿产资源潜力评价应用@Azhong nan di qu yao gan di zhi ji quang chan zi yuan qian li ping jia ying yong@f崔放 ... [等]编著 |
| 210 | @a武汉@c湖北人民出版社@d2018 | |
| 215 | @a193页@c图 (部分彩图)@d31cm | |
| 225 | 2 | @a“中南地区矿产资源潜力评价”项目系列丛书@A“zhong nan di qu quang chan zi yuan qian li ping jia”xiang mu xi lie cong shu |
| 300 | @a“中南地区矿产资源潜力评价”项目资助(121201063390) | |
| 304 | @a题名页题其余责任者:王耿明,王宁涛,雷天赐,陈爱明,陈晓林,易波琳,李文胜,刘鹏飞,陈育文 | |
| 320 | @a有书目(第192-193页)。 | |
| 410 | 0 | @12001 @a“中南地区矿产资源潜力评价”项目系列丛书 |
| 606 | 0 | @a遥感地质@Ayao gan di zhi@x应用@x矿产资源@x评价@x研究@y中南地区 |
| 690 | @aTD98@v5 | |
| 701 | 0 | @a崔放@Acui fang@4编著 |
| 701 | 0 | @a王耿明@Awang geng ming@4编著 |
| 701 | 0 | @a王宁涛@Awang ning tao@4编著 |
| 701 | 0 | @a雷天赐@Alei tian ci@4编著 |
| 701 | 0 | @a陈爱明@Achen ai ming@4编著 |
| 701 | 0 | @a陈晓林@Achen xiao lin@4编著 |
| 701 | 0 | @a易波琳@Ayi bo lin@4编著 |
| 701 | 0 | @a李文胜@Ali wen sheng@4编著 |
| 701 | 0 | @a刘鹏飞@Aliu peng fei@4编著 |
| 701 | 0 | @a陈育文@Achen yu wen@4编著 |
| 801 | 0 | @aCN@b北京卓展@c20191020 |
| 905 | @b1202585-8@dTD98@e50@f4 | |
| 中南地区遥感地质及矿产资源潜力评价应用/崔放 ... [等]编著.-武汉:湖北人民出版社,2018 |
| 193页:图 (部分彩图);31cm.-(“中南地区矿产资源潜力评价”项目系列丛书) |
| “中南地区矿产资源潜力评价”项目资助(121201063390) |
| ISBN 978-7-216-09548-8(精装):CNY68.00 |
| ● |
| 相关链接 |
|
|
|
|
正题名:中南地区遥感地质及矿产资源潜力评价应用
索取号:TD98/50
 
预约/预借
| 序号 | 登录号 | 条形码 | 馆藏地/架位号 | 状态 | 备注 |
| 1 | 1202585 | 212025850 | 第二样本阅览室/ [索取号:TD98/50] | 在馆 | |
| 2 | 1202586 | 212025869 | 第三借阅区/ [索取号:TD98/50] | 在馆 | |
| 3 | 1202587 | 212025878 | 第三借阅区/ [索取号:TD98/50] | 在馆 | |
| 4 | 1202588 | 212025887 | 第三借阅区/ [索取号:TD98/50] | 在馆 |